000 00590nam a22002057a 4500
008 150630b xxu||||| |||| 00| 0 alb d
020 _a9789995619312
041 0 _aalb
080 _a070.11
100 _aPatterson, Philip; Wilkins, Lee;
245 _aEtika në media :
_cPhilip Patterson; Lee Wilkins ;
250 _a6th Edition
260 _aTiranë :
_bUFO Press;
_c2009.
300 _a400 f. :
_bme il.;
_c25 cm.
500 _aParathënie: f.XI-XVI
505 _aIndex: f.393-400
650 0 _aEtika e gazetarisë
650 0 _aMasmedia
942 _2udc
_cBK
999 _c1076
_d1076